000 00392cam a2200157ua 4500
003 OSt
008 250108b |||||||| |||| 00| 0 eng d
041 _aeng
082 _a621.388
_bKIV/TE
100 _aKiver, Milton S .
_96888
245 _aTelevision simplified /
250 _a7 /
260 _aMadras :
_bAffiliated East West Press Pvt Ltd ,
_c1973.
300 _a616 ; .
942 _cBK
999 _c8973
_d8973